000 00255nam a22001217a 4500
003 OSt
008 250106b |||||||| |||| 00| 0 eng d
041 _aeng
082 _a547
_b SAR/OR
100 _aSarkar
_94851
245 _aOrganic Chemistry
942 _cBK
999 _c18956
_d18956